| 000 | 00000nam##2200000za#4500 |
| 001 | 9.641217 |
| 003 | CaOODSP |
| 005 | 20210624223109 |
| 007 | cr ||||||||||| |
| 008 | 150407|1998||||xxc|||||o f|0| 0 fre|d |
| 040 | |aCaOODSP|bfre |
| 043 | |an-cn--- |
| 086 | 1 |aT52-4/85-2005F-PDF |
| 110 | 1 |aCanada. |bTransports Canada. |
| 245 | 10|aProcédures améliorées d'analyse de zones |h[ressource électronique] |
| 246 | 17|aProgramme d'amélioration de la maintenance des circuits d'interconnexion du cablage electrique des aeronefs |
| 260 | |aOttawa - Ontario : |bTransports Canada |c30 Septembre 2005. |
| 300 | |a63p.|bfigures, tableaux |
| 590 | |a13-02-Supp|b2013-01-11 |
| 691 | 07|aAéroport|2gcpds |
| 775 | 08|tEnhanced zonal analysis procedures |w(CaOODSP)9.697149 |
| 856 | 40|ahttp://publications.gc.ca|qPDF|s339 Ko|uhttps://publications.gc.ca/collections/collection_2013/tc/T52-4-85-2005-fra.pdf |
| 986 | |aTP 14331F (09/2005) |